000 00737nam a22001937a 4500
999 _c8491
_d8491
003 GBCCL
005 20241126110652.0
008 210226b ||||| |||| 00| 0 eng d
020 _a9781602586550 (pbk. : alk. paper)
040 _cGBC
082 _a229.925
_bACT
245 _aThe acts of Philip :
_ba new translation /
_ctranslated from the Greek by François Bovon and Christopher R. Matthews.
260 _aWaco, Tex. :
_bBaylor University Press,
_cc2012.
300 _avii, 114 p. ;
_b22cm
505 _aIntroduction to the Acts of Philip Translation of the Acts of Philip Bibliography
650 _aApocryphal Acts of the Apostles.
_914903
650 _aApocryphal books
_vCriticism, interpretation, etc.
_914904
942 _2ddc
_cBK